00493nam a2200145 a 4500008004100000020001800041050001900059100002100078245008600099260004800185300002100233490005600254650001500310650002200325200805s1996 ||||||||||||||||| || u a9780521484008 aJC 71 .A41 Ari aEverson, Stephen10aAristotle: the politics and the Constitution of AthenscEdited by Stephen Everson aCambridgebCambridge University Pressc1996 axlvi, 279 pages  aCambridge texts in the history of political thought aPHILOSOPHY 0aPOLITICAL SCIENCE